| 000 | 00595nam a2200193Ia 4500 | ||
|---|---|---|---|
| 005 | 20250508153741.0 | ||
| 008 | 008 250505s9999 xx 000 0 eng d | ||
| 037 | _aTextual | ||
| 040 |
_aFEDL _beng _cFEDL |
||
| 041 |
_aeng _2eng |
||
| 084 |
_a370.19, EEL _qFEDL |
||
| 100 |
_aEells Walter Crosby _991943 |
||
| 245 | 0 | _aCommunism in education in Asia, Africa and the Far Pacific | |
| 260 |
_aWashington, USA _bAmerican Council on Education _c1954 |
||
| 300 | _ax,246p | ||
| 650 |
_aEducation - Sociology _9757833 |
||
| 942 |
_cTEXL _h370.19, EEL |
||
| 999 |
_c1345215 _d1345215 |
||